000 00379nam a2200169Ia 4500
003 0STCL
008 150530s9999 xx 000 0 und d
040 _aSTCL
_cSTCL
100 _aSrekandan Nair, C.N
245 _aLanka Lakshmi
260 _bCalicut University
_c1993
300 _a0
546 _aMalayalam
942 _2ddc
_cBK
999 _c48776
_d48776
005 20220125170751.0